Obligación internacional de proteger o caballo de troya? : (Record no. 126728)
[ view plain ]
| 000 -LEADER | |
|---|---|
| campo de control de longitud fija | 01851nam a22002297a 4500 |
| 003 - IDENTIFICADOR DE NÚMERO DE CONTROL | |
| campo de control | BJBSDDR |
| 005 - FECHA Y HORA DE LA ÚLTIMA TRANSACCIÓN | |
| campo de control | 20260330171920.0 |
| 006 - CÓDIGOS DE INFORMACIÓN DE LONGITUD FIJA--CARACTERÍSTICAS DEL MATERIAL ADICIONAL | |
| campo de control de longitud fija | a|||||r|||| 00| 0 |
| 007 - CAMPO FIJO DE DESCRIPCIÓN FÍSICA--INFORMACIÓN GENERAL | |
| campo de control de longitud fija | ta |
| 008 - DATOS DE LONGITUD FIJA--INFORMACIÓN GENERAL | |
| campo de control de longitud fija | 260330s2008 bl |||||r|||| 00| 0 spa d |
| 020 ## - NÚMERO INTERNACIONAL ESTÁNDAR DEL LIBRO | |
| Número Internacional Estándar del Libro | 9788560438419 |
| 040 ## - FUENTE DE CATALOGACIÓN | |
| Lengua de catalogación | spa |
| Centro/agencia transcriptor | BJBSDDR |
| 041 ## - CÓDIGO DE IDIOMA | |
| Código de lengua del texto/banda sonora o título independiente | spa |
| 050 ## - SIGNATURA TOPOGRÁFICA DE LA BIBLIOTECA DEL CONGRESO | |
| Número de ítem | D278 o 2008 |
| 100 1# - ENTRADA PRINCIPAL--NOMBRE DE PERSONA | |
| Nombre de persona | de Souza Minayo, Miryam, |
| Fechas asociadas al nombre | 1982- |
| 9 (RLIN) | 47781 |
| 245 10 - MENCIÓN DEL TÍTULO | |
| Título | Obligación internacional de proteger o caballo de troya? : |
| Resto del título | intervenciones armadas por razones humanitarias / |
| Mención de responsabilidad, etc. | Miryam de Souza Minayo. |
| 260 ## - PUBLICACIÓN, DISTRIBUCIÓN, ETC. | |
| Lugar de publicación, distribución, etc. | São Paulo : |
| Nombre del editor, distribuidor, etc. | Aderaldo & Rothschild, |
| Fecha de publicación, distribución, etc. | 2008. |
| 300 ## - DESCRIPCIÓN FÍSICA | |
| Extensión | 214 páginas ; |
| Dimensiones | 21 cm |
| 520 ## - RESUMEN, ETC. | |
| Sumario, etc. | Obligación internacional de proteger o caballo de Troya? examina críticamente la doctrina de la intervención humanitaria y su evolución hacia la idea de la “obligación internacional de proteger” a poblaciones en casos de graves violaciones de derechos humanos. La autora sostiene que:<br/><br/>La intervención armada por razones humanitarias debe entenderse dentro de un marco amplio que incluya factores de política internacional, derecho internacional y relaciones de poder en la comunidad internacional.<br/>Esta obligación no es simplemente una acción altruista, sino que está influida por intereses políticos y estratégicos de los Estados y organizaciones internacionales.<br/>Minayo destaca particularmente la dimensión humana, recordando que detrás de las estadísticas y discursos estratégicos están personas que sufren violaciones masivas de derechos humanos, no meros números lejanos.<br/>El título hace una analogía con el “Caballo de Troya” para cuestionar si la noción de proteger puede convertirse en un pretexto para intervenciones con motivaciones distintas, como intereses geopolíticos o económicos, más que verdaderamente humanitarios. |
| 942 ## - ELEMENTOS DE ENTRADA SECUNDARIOS (KOHA) | |
| Fuente del sistema de clasificación o colocación | Clasificación de Library of Congress |
| Suprimir en OPAC | No |
| Tipo de ítem Koha | Libro |
| 946 ## - PROCESAMIENTO DE INFORMACIÓN LOCAL (OCLC) | |
| Iniciales del agente catalogador | llh |
| Estatus retirado | Estado de pérdida | Fuente del sistema de clasificación o colocación | Estado de daño | No para préstamo | Colección | Biblioteca de origen | Biblioteca actual | Ubicación en estantería | Fecha de adquisición | Signatura topográfica completa | Código de barras | Visto por última vez | Copia número | Tipo de ítem Koha |
|---|---|---|---|---|---|---|---|---|---|---|---|---|---|---|
| Clasificación de Library of Congress | Automatización y Procesos Técnicos | Biblioteca Juan Bosch | Biblioteca Juan Bosch | Automatización y Procesos Técnicos (1er. Piso) | 30/03/2026 | D278 o 2008 | 00000198497 | 30/03/2026 | 1 | Libro |
